Responses for Show #4402 - Tuesday, October 28, 2003

Contestants

[<< previous game]

Gary Conley, a controller from Reynoldsburg, Ohio

Sara Uehlein, a law librarian from Alexandria, Virginia

John Lindquist, an attorney from Marietta, Georgia (whose 1-day cash winnings total $17,200)

[next game >>]

Jeopardy! Round responses

THE LARGEST IN AREA
RHYTHM & BOOZE
WEIGHTS & MEASURES
DEM BONES
GLOBAL KITCHEN
"E"ASY DOES IT
    $200 1
Sudan

Gary
    $200 6
Jimmy Buffett

Sara
    $200 11
Celsius

John
    $200 24
vertebrae

Sara
    $200 21
scampi

Gary
    $200 16
English

John
    $400 2
Pakistan

John
    $400 7
"Tequila"

John
    $400 12
Nebuchadnezzar

John
    $400 27
the humerus

John
    $400 22
bamboo shoots

John
    $400 17
Egypt

John
    $600 3
China

John
    $600 8
(Sara: Who is Patsy Cline?)
(John: Who is Tammy Wynette?)

Loretta Lynn

JohnSara
Triple Stumper
    $600 13
an ohm

John
    $600 28
the clavicle

Sara
    $600 23
rye

Triple Stumper
    $600 18
emerald

Sara
    $800 4
Madagascar

John
    $800 9
Johnny Paycheck

Gary
    $800 14
(John: What is 200?)

5,000

John
    $800 29
(John: What are the tibia & the fbula?)

the femur & the tibia

John
Triple Stumper
    $800 25
shepherd's pie

John
    $800 19
the Edsel

Sara
    $1000 5
Argentina

John
    $1000 10
"Whiskey River"

Triple Stumper
    $1000 15
(Sara: What is a font?)
(Gary: What is a caret?)

a pica

SaraGary
Triple Stumper
    $1000 30
(John: What is the scalpula?)

the scapula

John
Triple Stumper
    $1000 26
grape leaves

Gary
    $1000 20
Joycelyn Elders

Triple Stumper

Scores at the first commercial break (after clue 15):

John Sara Gary
$3,000 -$1,400 $0

Scores at the end of the Jeopardy! Round:

John Sara Gary
$3,400 $800 $1,200

Double Jeopardy! Round responses

SHOW ME THE WAY
A BRAND NEW DAY
SHADES OF GRAY
WHAT DID YOU SAY?
I'M HERE TO PLAY
COME WHAT MAY
    $400 1
Marco Polo

John
    $400 6
Compaq

Gary
    $400 11
slate

Sara
    $400 16
10

John
    $400 26
Valentine's Day

Sara
    $400 21
a spelling bee

John
    $800 2
Eric the Red

Sara
    $800 7
Hot Wheels

John
    $800 12
(John: What is ash?)

cinder

John
Triple Stumper
    $800 17
(Sara: Who is Tolstoy?)

Dostoevsky

JohnSara
    $800 27
[The end-of-round signal sounds.]

Boat Trip

Triple Stumper
    $800 22
the Indianapolis 500

Sara
    $1200 3
(Sara: Who is...)

Richard Byrd

SaraGary
    $600 8
Doritos

John
    $1200 13
Flint

John
    $1200 18
"Laugh, and the world laughs with you"

John
    $1200 23
(Sara: What is The New York Times?)

The Wall Street Journal

Sara
Triple Stumper
    $1600 4
(Gary: Who was Captain Cook?)

Henry Hudson

Gary
Triple Stumper
    $1600 9
(Sara: What is Reynold's Wrap?)

Saran Wrap

SaraGary
    $1600 14
the dove

Sara
    $1600 19
parachutes

Gary
    $1600 24
Angola

Gary
    $2000 5
Nicaragua

Triple Stumper
    $2000 10
(Sara: What is Chess?)
(John: What is Dice?)

Domino

JohnSara
Triple Stumper
    $2000 15
taupe

John
    $2000 20
Walt Whitman

Gary
    $2000 25
(Sara: Who is Indira Gandhi?)

Rajiv Gandhi

Sara
Triple Stumper

Scores at the end of the Double Jeopardy! Round:

John Sara Gary
$8,400 -$4,000 $8,000

[wagering suggestions for these scores]

Final Jeopardy! Round responses

LEGENDARY RULERS
GaryWho is King Arthur?
$7,900
JohnWho is Arthur
$7,601
King Arthur

Final scores:

John Sara Gary
$16,001 -$4,000 $15,900
2-day champion: $33,201 3rd place: $1,000 2nd place: $2,000

Game dynamics:

Coryat scores:

John Sara Gary
$9,800 -$4,000 $8,000
22 R
(including 1 DD),
6 W
(including 1 DD)
10 R,
8 W
10 R,
2 W

Combined Coryat: $13,800

[game clues] [game scores] [suggest correction]

Game tape date: 2003-08-19
The J! Archive is created by fans, for fans. Scraping, republication, monetization, and malicious use prohibited; this site may use cookies and collect identifying information. See terms. The Jeopardy! game show and all elements thereof, including but not limited to copyright and trademark thereto, are the property of Jeopardy Productions, Inc. and are protected under law. This website is not affiliated with, sponsored by, or operated by Jeopardy Productions, Inc. Join the discussion at JBoard.tv.